000 00777nam a2200205 a 4500
005 20160310112920.0
008 160310b2006 -uko fr|||| 00| 0 eng d
040 _aCO-BoIAVH
_cCO-BoIAVH
041 0 _aeng
044 _a-uk
082 0 4 _a333.9516
_bU56w
245 0 0 _aUNEP world Conservation Monitoring Centre
_bannual report 2005
260 _aCambridge (Reino Unido) :
_bUNEP,
_c2005.
300 _a16 páginas :
_bfotografías a color ;
_c30 x 21 centímetros
650 6 _aBiodiversidad
_xconservación
_vInformes, reportes, etc.
650 6 _aBiodiversidad
_xevaluación
_vInformes, reportes, etc.
650 6 _aMedio ambiente
_xevaluación
_vInformes, reportes, etc.
710 2 _aUNEP World Conservation Monitoring Centre.
942 _cLIBRO
_2ddc
999 _c5985
_d5985